| 000 | 00461nam a22001457a 4500 | ||
|---|---|---|---|
| 999 |
_c12924 _d12924 |
||
| 008 | 190206b ||||| |||| 00| 0 eng d | ||
| 020 | _a9712703975 | ||
| 082 |
_22003 _aDFil 899.211 _bSi3 |
||
| 245 |
_aGahasa/ _cSoledad S. Reyes[Editor] |
||
| 260 |
_aPasig City: _bAnvil Publishing Inc., _c©2003 |
||
| 300 |
_axxxiv, page 509-510; _c23 cm. |
||
| 650 |
_aPhilippine literature (Filipino) _936566 |
||
| 700 |
_aReyes, Soledad S. _eEditor _936567 |
||
| 942 |
_2ddc _cDFIL |
||